[Event "BOL-ch (Women)"]
[Site "Santa Cruz"]
[Date "2023.06.08"]
[Round "2"]
[White "Enriquez Coronel, Gaia Paola"]
[Black "Molina, Jessica"]
[Result "0-1"]
[WhiteElo "1555"]
[BlackElo "1886"]
[PlyCount "64"]
[EventDate "2023.06.07"]
[EventType "tourn"]
[EventRounds "7"]
[EventCountry "BOL"]
[SourceTitle "CBM 215 Extra"]
[Source "ChessBase"]
[SourceDate "2023.09.30"]
[SourceVersion "1"]
[SourceVersionDate "2023.09.30"]
[SourceQuality "1"]

1. e4 d6 2. g3 g6 3. Bg2 Bg7 4. Nc3 Nf6 5. f4 c5 6. Nf3 Nc6 7. d3 Be6 8. h3 Qb6 9. 0-0 0-0 10. Kh2 h6 11. Nh4 Kh7 12. f5 Bd7 13. Nd5 Qd8 14. c3 Ne5 15. Be3 Bb5 16. fxg6+ Nxg6 17. Nf5 Ng8 18. Nxg7 Kxg7 19. a4 Bd7 20. d4 b6 21. Nf4 Rc8 22. Nh5+ Kh7 23. Qd3 e5 24. dxc5 dxc5 25. Rad1 Be6 26. Qxd8 Rfxd8 27. h4 Rxd1 28. Rxd1 Bg4 29. Bh3 Bxd1 30. Bxc8 Bxh5 31. g4 N6e7 32. Bd7 Bg6 0-1

[Event "BOL-ch (Women)"]
[Site "Santa Cruz"]
[Date "2023.06.08"]
[Round "3"]
[White "Ramallo Aguilar, Ariadne Ricela"]
[Black "Enriquez Coronel, Gaia Paola"]
[Result "0-1"]
[WhiteElo "1501"]
[BlackElo "1555"]
[PlyCount "116"]
[EventDate "2023.06.07"]
[EventType "tourn"]
[EventRounds "7"]
[EventCountry "BOL"]
[SourceTitle "CBM 215 Extra"]
[Source "ChessBase"]
[SourceDate "2023.09.30"]
[SourceVersion "1"]
[SourceVersionDate "2023.09.30"]
[SourceQuality "1"]

1. e4 g6 2. d4 d6 3. Bc4 Bg7 4. Be3 a6 5. Ne2 Nf6 6. f3 b5 7. Bd3 Nbd7 8. 0-0 c5 9. c3 Bb7 10. Nd2 0-0 11. h3 Rc8 12. Qe1 Nb6 13. Qh4 cxd4 14. cxd4 Nc4 15. Nxc4 bxc4 16. Bc2 Qb6 17. Rab1 Rfe8 18. Qf2 Qa5 19. Nc3 Nd7 20. Rfc1 e6 21. Bd1 f5 22. exf5 Qxf5 23. b3 cxb3 24. Rxb3 Ba8 25. Bc2 Qf7 26. Bd3 a5 27. Rcb1 Rb8 28. Nb5 Qf8 29. Nc7 Rxb3 30. Rxb3 Re7 31. Bg5 Nf6 32. Nxa8 Qxa8 33. Qb2 Kf7 34. Bf4 Qd8 35. Rb8 Qc7 36. Rb6 Nd5 37. Rb3 Nxf4 38. Bf1 Qa7 39. Kh1 Qxd4 40. Qc1 Nd5 41. Qe1 Qa1 42. Qf2 Bd4 43. Qe2 Ne3 44. Rxe3 Bxe3 45. Qxe3 Qxf1+ 46. Kh2 Qc4 47. Qh6 Kg8 48. Qd2 Rf7 49. Qxa5 Qf4+ 50. Kg1 Qd4+ 51. Kf1 Ra7 52. Qd8+ Kg7 53. Qc8 Qd1+ 54. Kf2 Rxa2+ 55. Kg3 Qe1+ 56. Kh2 Qe5+ 57. Kg1 Ra1+ 58. Kf2 Qe1# 0-1

[Event "Sucre op"]
[Site "Sucre"]
[Date "2022.10.13"]
[Round "2"]
[White "Enriquez Coronel, Gaia Paola"]
[Black "Ferrufino, Boris"]
[Result "0-1"]
[WhiteElo "1492"]
[BlackElo "1919"]
[PlyCount "62"]
[EventDate "2022.10.13"]
[EventType "swiss"]
[EventRounds "7"]
[EventCountry "BOL"]
[SourceTitle "CBM 210 Extra"]
[Source "ChessBase"]
[SourceDate "2022.11.30"]
[SourceVersion "1"]
[SourceVersionDate "2022.11.30"]
[SourceQuality "1"]

1. e4 c5 2. Nc3 Nc6 3. g3 g6 4. Bg2 Bg7 5. d3 e6 6. f4 d5 7. Nf3 Nge7 8. 0-0 0-0 9. g4 f5 10. g5 Nd4 11. h4 Rb8 12. Kh2 b5 13. Rh1 b4 14. Ne2 Nec6 15. h5 e5 16. hxg6 hxg6 17. Nexd4 Nxd4 18. Nxd4 cxd4 19. exf5 Rxf5 20. Bxd5+ Kf8 21. Be4 Qd7 22. Qg4 Qc7 23. Qg2 Be6 24. Bxf5 gxf5 25. Rf1 Ke7 26. g6 Rh8+ 27. Kg1 Rh5 28. Qe2 Qc6 29. Rf3 Bd5 30. Kg2 Bxf3+ 31. Qxf3 Rh2+ 0-1

[Event "La Paz op"]
[Site "La Paz"]
[Date "2022.09.17"]
[Round "6"]
[White "Cueto Chajtur, Johny"]
[Black "Enriquez Coronel, Gaia Paola"]
[Result "1-0"]
[WhiteElo "2168"]
[BlackElo "1475"]
[PlyCount "67"]
[EventDate "2022.09.15"]
[EventType "swiss"]
[EventRounds "7"]
[EventCountry "BOL"]
[SourceTitle "EXT 2023"]
[Source "ChessBase"]
[SourceDate "2022.10.05"]
[SourceVersion "1"]
[SourceVersionDate "2022.10.05"]
[SourceQuality "1"]

1. e4 e6 2. d4 d6 3. Nc3 Ne7 4. Be3 a6 5. a4 b6 6. Bd3 Bb7 7. f4 g6 8. Nf3 Bg7 9. 0-0 d5 10. e5 0-0 11. Ne2 Nd7 12. g4 f6 13. Ng3 c5 14. c3 Qe8 15. Qd2 f5 16. h3 Nc6 17. b4 cxd4 18. cxd4 Rf7 19. Ng5 Rf8 20. Rab1 h6 21. Nf3 Rf7 22. gxf5 exf5 23. h4 h5 24. Kh2 Nf8 25. Rg1 Ne6 26. Rg2 Kh7 27. Qd1 Qe7 28. Nxh5 Ncxd4 29. Bxd4 Nxd4 30. Nxd4 Qxh4+ 31. Kg1 gxh5 32. Rh2 Qg3+ 33. Kh1 Qxf4 34. Qxh5+ 1-0

[Event "La Paz op"]
[Site "La Paz"]
[Date "2022.09.16"]
[Round "3"]
[White "Ameller Flores, Catalina"]
[Black "Enriquez Coronel, Gaia Paola"]
[Result "0-1"]
[WhiteElo "1142"]
[BlackElo "1475"]
[PlyCount "76"]
[EventDate "2022.09.15"]
[EventType "swiss"]
[EventRounds "7"]
[EventCountry "BOL"]
[SourceTitle "EXT 2023"]
[Source "ChessBase"]
[SourceDate "2022.10.05"]
[SourceVersion "1"]
[SourceVersionDate "2022.10.05"]
[SourceQuality "1"]

1. e4 g6 2. d4 d6 3. Bd3 Bg7 4. Nf3 Bg4 5. c3 a6 6. Be3 Nd7 7. h3 Bxf3 8. Qxf3 e6 9. Nd2 Ne7 10. 0-0 0-0 11. Qg3 f5 12. f4 fxe4 13. Nxe4 Nf5 14. Qf2 Nb6 15. g4 Nxe3 16. Qxe3 Nd5 17. Qg3 Qd7 18. Rae1 Rae8 19. a3 Kh8 20. Kg2 h6 21. h4 Qf7 22. Rf2 Nxf4+ 23. Kg1 e5 24. Ref1 Qe7 25. Bc2 Ne6 26. d5 Nf4 27. g5 h5 28. c4 Rf7 29. Nd2 Qd7 30. Bxg6 Nh3+ 31. Kg2 Rxf2+ 32. Rxf2 Nxf2 33. Bxe8 Qxe8 34. Qxf2 Qg6 35. Nf3 Qe4 36. b3 Qd3 37. Nd2 e4 38. Qe1 Bc3 0-1

[Event "La Paz op"]
[Site "La Paz"]
[Date "2022.09.16"]
[Round "4"]
[White "Enriquez Coronel, Gaia Paola"]
[Black "Silicuana Quispe, Cristhian"]
[Result "1/2-1/2"]
[WhiteElo "1475"]
[BlackElo "1590"]
[PlyCount "44"]
[EventDate "2022.09.15"]
[EventType "swiss"]
[EventRounds "7"]
[EventCountry "BOL"]
[SourceTitle "EXT 2023"]
[Source "ChessBase"]
[SourceDate "2022.10.05"]
[SourceVersion "1"]
[SourceVersionDate "2022.10.05"]
[SourceQuality "1"]

1. e4 e6 2. Nc3 d5 3. d3 Nf6 4. Bd2 a6 5. a4 Be7 6. g3 c5 7. Bg2 Nc6 8. f4 0-0 9. Nf3 e5 10. Ne2 Nd7 11. 0-0 Rb8 12. h3 f6 13. g4 Nb6 14. Ng3 Bd7 15. h4 Kh8 16. Kh2 Qc7 17. g5 Bd6 18. Ne2 Ne7 19. Qe1 Nxa4 20. b3 Nb6 21. Qg3 Be8 22. Bc3 Qd7 1/2-1/2

[Event "BOL-ch (Women)"]
[Site "Santa Cruz"]
[Date "2022.05.22"]
[Round "7"]
[White "Enriquez Coronel, Gaia Paola"]
[Black "Coro, Soledad"]
[Result "1/2-1/2"]
[WhiteElo "1523"]
[BlackElo "1713"]
[PlyCount "24"]
[EventDate "2022.05.19"]
[EventType "tourn"]
[EventRounds "7"]
[EventCountry "BOL"]
[SourceTitle "EXT 2023"]
[Source "ChessBase"]
[SourceDate "2022.10.05"]
[SourceVersion "1"]
[SourceVersionDate "2022.10.05"]
[SourceQuality "1"]

1. e4 e5 2. Nc3 d6 3. d3 c6 4. g3 Nf6 5. Bg2 Be7 6. h3 Na6 7. f4 Nc5 8. Nf3 Qc7 9. Be3 Ncd7 10. Nh4 Nb6 11. Qe2 Bd7 12. 0-0-0 c5 1/2-1/2

[Event "BOL-ch (Women)"]
[Site "Santa Cruz"]
[Date "2022.05.21"]
[Round "4"]
[White "Enriquez Coronel, Gaia Paola"]
[Black "Molina, Jessica"]
[Result "0-1"]
[WhiteElo "1523"]
[BlackElo "1871"]
[PlyCount "136"]
[EventDate "2022.05.19"]
[EventType "tourn"]
[EventRounds "7"]
[EventCountry "BOL"]
[SourceTitle "EXT 2023"]
[Source "ChessBase"]
[SourceDate "2022.10.05"]
[SourceVersion "1"]
[SourceVersionDate "2022.10.05"]
[SourceQuality "1"]

1. e4 e6 2. Nc3 d5 3. d3 c5 4. g3 Nc6 5. Bg2 d4 6. Nce2 e5 7. f4 Bd6 8. Nf3 Bg4 9. h3 Bxf3 10. Bxf3 exf4 11. Bxf4 g5 12. Bxd6 Qxd6 13. Qd2 Ne5 14. Bg2 f6 15. 0-0-0 0-0-0 16. Rhf1 Ne7 17. Ng1 c4 18. Qa5 Kb8 19. Nf3 N7c6 20. Qa3 Qxa3 21. bxa3 c3 22. Nxe5 fxe5 23. Rf5 Rdf8 24. Rxg5 Rf2 25. Rg1 Kc7 26. Rf5 Rf8 27. g4 Ne7 28. Rxf8 Rxf8 29. Rf1 Rxf1+ 30. Bxf1 Ng6 31. g5 Nf4 32. Kd1 Kd6 33. Ke1 Ke7 34. Kf2 Kf7 35. Kg3 Kg6 36. Kg4 Ne6 37. Be2 Nxg5 38. h4 h5+ 39. Kg3 Ne6 40. Bf3 Nf4 41. Bd1 Kf6 42. Kf2 Ke7 43. Kg3 Kd6 44. Kf2 a5 45. a4 Ke6 46. Kg3 Kf6 47. Kf2 Kg6 48. Kf1 Ne6 49. Bf3 Nc5 50. Ke1 Nxa4 51. Bg2 Nc5 52. Bh3 Kf6 53. Bf5 b5 54. Ke2 b4 55. Ke1 a4 56. Ke2 b3 57. cxb3 Nxb3 58. Kd1 Nc5 59. Kc2 a3 60. Bc8 Kf7 61. Bf5 Nb7 62. Kb3 Nc5+ 63. Kc2 Na6 64. Kb3 Nb4 65. Kxa3 Nxd3 66. Kb3 Nc1+ 67. Kc4 Nxa2 68. Kb3 d3 0-1

[Event "Oruro op 8th"]
[Site "Oruro"]
[Date "2022.05.07"]
[Round "6"]
[White "Enriquez Coronel, Gaia Paola"]
[Black "Vasquez Bueno, Fatima"]
[Result "1-0"]
[WhiteElo "1523"]
[BlackElo "1131"]
[PlyCount "61"]
[EventDate "2022.05.05"]
[EventType "swiss"]
[EventRounds "7"]
[EventCountry "BOL"]
[SourceTitle "CBM 208 Extra"]
[Source "ChessBase"]
[SourceDate "2022.07.31"]
[SourceVersion "1"]
[SourceVersionDate "2022.07.31"]
[SourceQuality "1"]

1. e4 e6 2. Nc3 b6 3. g3 Bb7 4. Bg2 Nf6 5. d3 Bb4 6. Bd2 Bxc3 7. bxc3 d5 8. e5 Nfd7 9. d4 c5 10. Ne2 Nc6 11. 0-0 0-0 12. Be3 f6 13. Nf4 Qe7 14. exf6 Qxf6 15. dxc5 Nxc5 16. Bxc5 bxc5 17. Nxe6 Qxc3 18. Nxf8 Kxf8 19. Qxd5 Na5 20. Qd6+ Kg8 21. Bxb7 Nxb7 22. Qd5+ Kf8 23. Qxb7 Re8 24. Rad1 Qc4 25. Rd7 Qxa2 26. Rxg7 Qe6 27. Rxh7 Qf6 28. Rd1 Kg8 29. Rdd7 Re2 30. Rdg7+ Qxg7 31. Qxg7# 1-0

[Event "Oruro op 8th"]
[Site "Oruro"]
[Date "2022.05.05"]
[Round "1"]
[White "Enriquez Coronel, Gaia Paola"]
[Black "Salvador Taquimallco, Alex"]
[Result "1-0"]
[WhiteElo "1523"]
[BlackElo "1009"]
[PlyCount "39"]
[EventDate "2022.05.05"]
[EventType "swiss"]
[EventRounds "7"]
[EventCountry "BOL"]
[SourceTitle "CBM 208 Extra"]
[Source "ChessBase"]
[SourceDate "2022.07.31"]
[SourceVersion "1"]
[SourceVersionDate "2022.07.31"]
[SourceQuality "1"]

1. e4 e5 2. Nc3 Nf6 3. g3 Bc5 4. h3 d6 5. Bg2 0-0 6. d3 h6 7. Nge2 Nc6 8. Na4 Bb6 9. Nxb6 axb6 10. 0-0 Be6 11. f4 g6 12. f5 gxf5 13. exf5 Bd5 14. Bxd5 Nxd5 15. Bxh6 Re8 16. Nc3 Qf6 17. Qg4+ Kh7 18. Bg5 Ne3 19. Qh4+ Kg8 20. Bxf6 1-0

[Event "BOL-ch (Women)"]
[Site "Santa Cruz"]
[Date "2021.12.17"]
[Round "3"]
[White "Enriquez Coronel, Gaia Paola"]
[Black "Coro, Soledad"]
[Result "0-1"]
[WhiteElo "1558"]
[BlackElo "1774"]
[PlyCount "69"]
[EventDate "2021.12.15"]
[EventType "tourn"]
[EventRounds "7"]
[EventCountry "BOL"]
[SourceTitle "CBM 205 Extra"]
[Source "ChessBase"]
[SourceDate "2022.01.31"]
[SourceVersion "1"]
[SourceVersionDate "2022.01.31"]
[SourceQuality "1"]

1. g3 c6 2. Bg2 d6 3. d3 g6 4. Nc3 Bg7 5. e4 e6 6. Nge2 Ne7 7. 0-0 0-0 8. Bg5 f6 9. Be3 d5 10. Qc1 e5 11. exd5 cxd5 12. Bh6 d4 13. Bxg7 Kxg7 14. Ne4 Nbc6 15. h3 Be6 16. f4 Nf5 17. fxe5 fxe5 18. Qg5 Qb6 19. g4 h6 20. Qd2 Ne3 21. Rfe1 Nb4 22. Rac1 Rac8 23. g5 h5 24. Nf6 Nxa2 25. Ng3 h4 26. Nge4 Nxc1 27. Rxc1 Bf5 28. b3 Bxe4 29. Bxe4 Rf7 30. Qf2 Rh8 31. Qh2 Qc5 32. Bd5 Nxd5 33. Qxe5 Qe7 34. Ne8+ Kh7 35. Qxd4 0-1

[Event "BOL-ch (Women)"]
[Site "Santa Cruz"]
[Date "2021.12.15"]
[Round "1"]
[White "Enriquez Coronel, Gaia Paola"]
[Black "Mendoza, Samantha"]
[Result "0-1"]
[WhiteElo "1558"]
[BlackElo "1719"]
[PlyCount "56"]
[EventDate "2021.12.15"]
[EventType "tourn"]
[EventRounds "7"]
[EventCountry "BOL"]
[SourceTitle "CBM 205 Extra"]
[Source "ChessBase"]
[SourceDate "2022.01.31"]
[SourceVersion "1"]
[SourceVersionDate "2022.01.31"]
[SourceQuality "1"]

1. g3 e5 2. Bg2 d5 3. d3 Nf6 4. Nd2 Be7 5. e4 0-0 6. Ne2 Nc6 7. 0-0 Be6 8. h3 Qd7 9. Kh2 Rad8 10. Nc3 d4 11. Ne2 Nh5 12. g4 Nf4 13. Nxf4 exf4 14. Nf3 g5 15. Rh1 Kg7 16. Kg1 Bf6 17. Qe1 Ne5 18. Nxe5 Bxe5 19. Qa5 f6 20. Qe1 Rh8 21. Qe2 Rc8 22. Bd2 c5 23. b3 b5 24. a4 c4 25. axb5 cxb3 26. cxb3 Bxb3 27. Ra3 Be6 28. Bb4 Rc1+ 0-1

[Event "BOL-ch sf (Women)"]
[Site "La Paz"]
[Date "2021.07.23"]
[Round "4"]
[White "Enriquez Coronel, Gaia Paola"]
[Black "El Hage Serrano, Caely Dilsa"]
[Result "1-0"]
[WhiteElo "1561"]
[BlackElo "1189"]
[PlyCount "113"]
[EventDate "2021.07.22"]
[EventType "swiss"]
[EventRounds "7"]
[EventCountry "BOL"]
[SourceTitle "EXT 2022"]
[Source "ChessBase"]
[SourceDate "2021.10.06"]
[SourceVersion "1"]
[SourceVersionDate "2021.10.06"]
[SourceQuality "1"]

1. g3 e6 2. Bg2 d5 3. d3 Nf6 4. Nc3 c5 5. e4 dxe4 6. Nxe4 Nxe4 7. Bxe4 Be7 8. Ne2 Nc6 9. 0-0 Bd7 10. Nf4 h6 11. Re1 0-0 12. Qh5 Qc8 13. Qd1 Bf6 14. c3 Qc7 15. Nh5 Be5 16. f4 f5 17. Bxc6 Bd6 18. Bxd7 Qxd7 19. g4 Rad8 20. Qe2 Rde8 21. Be3 e5 22. d4 exd4 23. cxd4 cxd4 24. Qc4+ Kh8 25. Bxd4 fxg4 26. Bxg7+ Kh7 27. Qd3+ Kg8 28. Qb3+ Kh7 29. Bxf8 Rxf8 30. Qd3+ Kg8 31. Qg6+ Kh8 32. Qxh6+ Kg8 33. Qe6+ Qf7 34. Nf6+ Kg7 35. Qxf7+ Rxf7 36. Ne8+ Kf8 37. Nxd6 Rd7 38. Rad1 Rc7 39. Nf5 Kf7 40. Re7+ Rxe7 41. Nxe7 Kxe7 42. Rd5 Ke6 43. Rg5 Kf6 44. Rxg4 Kf5 45. Rg7 Kxf4 46. h4 Kf5 47. Rxb7 Kg4 48. Rh7 Kf5 49. Rg7 Kf6 50. Rg2 Kf7 51. h5 Kf6 52. h6 Kf7 53. h7 Ke6 54. h8Q Kf7 55. Qh6 Ke7 56. Rg7+ Kf8 57. Qh8# 1-0

[Event "Wch FIDE Online U18 Girls America qual"]
[Site "Tornelo INT"]
[Date "2020.12.03"]
[Round "4"]
[White "Enriquez Coronel, Gaia Paola"]
[Black "James, Shemilah"]
[Result "1-0"]
[WhiteElo "1461"]
[BlackElo "1494"]
[PlyCount "85"]
[EventDate "2020.12.01"]
[EventType "swiss (rapid)"]
[EventRounds "7"]
[EventCountry "ISS"]
[SourceTitle "EXT 2022"]
[Source "ChessBase"]
[SourceDate "2021.10.06"]
[SourceVersion "1"]
[SourceVersionDate "2021.10.06"]
[SourceQuality "1"]

1. g3 e5 2. Bg2 d5 3. d3 Be6 4. Nc3 c6 5. f4 Nd7 6. e4 exf4 7. Bxf4 d4 8. Nce2 Ndf6 9. Nf3 Bb4+ 10. c3 dxc3 11. bxc3 Ba5 12. 0-0 Bb6+ 13. Kh1 Ne7 14. Qc2 Ng6 15. Bg5 h6 16. Bxf6 Qxf6 17. Nfd4 Qe7 18. Nxe6 Qxe6 19. d4 0-0 20. e5 Rad8 21. Nf4 Nxf4 22. Rxf4 c5 23. Rd1 cxd4 24. cxd4 Rfe8 25. Bxb7 Qe7 26. Bf3 Rc8 27. Qf5 Rc7 28. Be4 g6 29. Qg4 h5 30. Qf3 Rec8 31. Rf6 Kh8 32. d5 Rc1 33. Rxc1 Rxc1+ 34. Kg2 Rg1+ 35. Kh3 Kg8 36. e6 Kh8 37. exf7 Qd7+ 38. Bf5 Bc5 39. f8Q+ Bxf8 40. Rxf8+ Kg7 41. Bxd7 g5 42. Qf7+ Kh6 43. Rh8# 1-0

[Event "Wch FIDE Online U18 Girls America qual"]
[Site "Tornelo INT"]
[Date "2020.12.03"]
[Round "5"]
[White "Enriquez Coronel, Gaia Paola"]
[Black "Ruiz Villalba, Andrea"]
[Result "1-0"]
[WhiteElo "1461"]
[BlackElo "1430"]
[PlyCount "103"]
[EventDate "2020.12.01"]
[EventType "swiss (rapid)"]
[EventRounds "7"]
[EventCountry "ISS"]
[SourceTitle "EXT 2022"]
[Source "ChessBase"]
[SourceDate "2021.10.06"]
[SourceVersion "1"]
[SourceVersionDate "2021.10.06"]
[SourceQuality "1"]

1. g3 c5 2. Bg2 Nc6 3. d3 g6 4. e4 Bg7 5. Nc3 e6 6. f4 Nge7 7. Nf3 d6 8. 0-0 0-0 9. Bd2 Rb8 10. Rb1 b5 11. Be3 Nd4 12. Ne2 Nxe2+ 13. Qxe2 Qa5 14. e5 Nf5 15. Bf2 c4 16. exd6 Nxd6 17. Bc5 Rd8 18. a3 Qc7 19. Bb4 a5 20. Bd2 b4 21. axb4 axb4 22. d4 Nf5 23. c3 b3 24. Kh1 Bb7 25. Ne5 Bxg2+ 26. Qxg2 Ra8 27. g4 Nd6 28. Qf3 f5 29. g5 Ne4 30. Bc1 Bxe5 31. fxe5 Qe7 32. Bf4 Ra2 33. h4 Kg7 34. h5 Rh8 35. h6+ Kf7 36. Qe2 Rc8 37. Qe3 Qc7 38. Qe2 Qc6 39. Kg1 Rca8 40. Qe3 R8a4 41. Qe2 Qa6 42. Qe3 Ra1 43. Qe1 Rxb1 44. Qxb1 Ra2 45. Qc1 Qc6 46. Qd1 Rxb2 47. Qc1 Rc2 48. Qb1 Rxc3 49. Qb2 Rc2 50. Qa3 Ng3 51. Qa7+ Kg8 52. Qg7# 1-0

[Event "Wch FIDE Online U18 Girls America qual"]
[Site "Tornelo INT"]
[Date "2020.12.02"]
[Round "2"]
[White "Enriquez Coronel, Gaia Paola"]
[Black "Shariff, Sasha Christina"]
[Result "1-0"]
[WhiteElo "1461"]
[BlackElo "1195"]
[PlyCount "31"]
[EventDate "2020.12.01"]
[EventType "swiss (rapid)"]
[EventRounds "7"]
[EventCountry "ISS"]
[SourceTitle "EXT 2022"]
[Source "ChessBase"]
[SourceDate "2021.10.06"]
[SourceVersion "1"]
[SourceVersionDate "2021.10.06"]
[SourceQuality "1"]

1. g3 e5 2. Bg2 d5 3. d3 Nf6 4. Nc3 d4 5. Ne4 Nxe4 6. Bxe4 f5 7. Bg2 Nc6 8. f4 Bb4+ 9. Bd2 Bxd2+ 10. Qxd2 e4 11. dxe4 fxe4 12. Bxe4 0-0 13. Nf3 Bg4 14. 0-0 Re8 15. Qd3 Bxf3 16. Qxf3 1-0

[Event "Wch FIDE Online U18 Girls America qual"]
[Site "Tornelo INT"]
[Date "2020.12.02"]
[Round "3"]
[White "Mayeregger, Guadalupe Milagros"]
[Black "Enriquez Coronel, Gaia Paola"]
[Result "0-1"]
[WhiteElo "1561"]
[BlackElo "1461"]
[PlyCount "130"]
[EventDate "2020.12.01"]
[EventType "swiss (rapid)"]
[EventRounds "7"]
[EventCountry "ISS"]
[SourceTitle "EXT 2022"]
[Source "ChessBase"]
[SourceDate "2021.10.06"]
[SourceVersion "1"]
[SourceVersionDate "2021.10.06"]
[SourceQuality "1"]

1. d4 b6 2. Bf4 Bb7 3. e3 e6 4. Nf3 c5 5. c3 Nf6 6. Bd3 Be7 7. Nbd2 0-0 8. h4 d6 9. h5 h6 10. Qe2 Nbd7 11. e4 Qc7 12. e5 dxe5 13. Nxe5 Nd5 14. Bg3 Nxe5 15. Bxe5 Bd6 16. 0-0 Bxe5 17. dxe5 Nf4 18. Qe3 Nxd3 19. Qxd3 Qxe5 20. Rae1 Qxh5 21. Qg3 Rad8 22. Ne4 Bxe4 23. Rxe4 Qf5 24. Rf4 Qg6 25. Rg4 Qf6 26. Rf4 Qg5 27. Rg4 Qf6 28. Rf4 Qg6 29. Rg4 Qh7 30. Rh4 Rd5 31. Kh2 Rg5 32. Qf3 Qg6 33. Rg1 Rd8 34. Rh3 Rdd5 35. Re1 Rh5 36. Rg1 Rxh3+ 37. Qxh3 Rh5 38. f3 Rxh3+ 39. gxh3 Qc2+ 40. Rg2 Qd3 41. Kg3 Qg6+ 42. Kf2 Qb1 43. Kg3 Qxa2 44. b4 Qc4 45. bxc5 Qxc5 46. Rc2 a5 47. Kg2 a4 48. c4 a3 49. Ra2 Qxc4 50. Rxa3 b5 51. Ra1 b4 52. Rf1 Qe2+ 53. Rf2 Qxf2+ 54. Kxf2 b3 55. Kg3 b2 56. h4 b1Q 57. h5 Qf5 58. Kh4 Qf4+ 59. Kh3 Qxf3+ 60. Kh2 Qg4 61. Kh1 e5 62. Kh2 e4 63. Kh1 e3 64. Kh2 e2 65. Kh1 e1Q+ 0-1

[Event "Pan American-ch U20 Girls"]
[Site "Cochabamba"]
[Date "2019.08.05"]
[Round "8"]
[White "Enriquez Coronel, Gaia Paola"]
[Black "Salazar Gould, Melannie"]
[Result "0-1"]
[WhiteElo "1615"]
[BlackElo "1919"]
[PlyCount "68"]
[EventDate "2019.08.01"]
[EventType "swiss"]
[EventRounds "9"]
[EventCountry "BOL"]
[SourceTitle "EXT 2021"]
[Source "ChessBase"]
[SourceDate "2020.10.23"]
[SourceVersion "1"]
[SourceVersionDate "2020.10.23"]
[SourceQuality "1"]

1. e4 e6 2. d4 d5 3. Nd2 Nf6 4. e5 Nfd7 5. f4 c5 6. c3 Nc6 7. Ngf3 Qb6 8. Nb3 a5 9. Be3 c4 10. Nc1 Qxb2 11. Ne2 Qb6 12. Ng3 h5 13. Rb1 Qa7 14. Bf2 h4 15. Ne2 Be7 16. g4 hxg3 17. Nxg3 Qa6 18. f5 Nf8 19. fxe6 Bxe6 20. Be3 b5 21. Ng5 b4 22. Nxe6 Nxe6 23. Bd2 bxc3 24. Bxc3 Bb4 25. Ne2 Rh4 26. Bxb4 axb4 27. Bg2 Qa5 28. 0-0 Qd8 29. Qc2 Qg5 30. Rf2 Ra5 31. Rbf1 Nexd4 32. Nxd4 Nxd4 33. Qb2 Qxe5 34. Bh1 Rg4+ 0-1

[Event "Pan American-ch U20 Girls"]
[Site "Cochabamba"]
[Date "2019.08.04"]
[Round "6"]
[White "Enriquez Coronel, Gaia Paola"]
[Black "Sarmiento Robles, Paula Andrea"]
[Result "0-1"]
[WhiteElo "1615"]
[BlackElo "1876"]
[PlyCount "67"]
[EventDate "2019.08.01"]
[EventType "swiss"]
[EventRounds "9"]
[EventCountry "BOL"]
[SourceTitle "EXT 2021"]
[Source "ChessBase"]
[SourceDate "2020.10.23"]
[SourceVersion "1"]
[SourceVersionDate "2020.10.23"]
[SourceQuality "1"]

1. e4 e6 2. d4 d5 3. Nd2 c5 4. exd5 Qxd5 5. dxc5 Bxc5 6. Qg4 Nf6 7. Qf3 Nc6 8. Bc4 Qe5+ 9. Qe2 Ng4 10. Nh3 Nd4 11. Qxe5 Nxe5 12. Bb3 a5 13. a4 Bd7 14. Ne4 Nxb3 15. cxb3 Bb4+ 16. Nc3 Nd3+ 17. Ke2 Nc5 18. Ra2 Nxb3 19. Ne4 Bc6 20. f3 Bd5 21. Be3 Nc1+ 22. Rxc1 Bxa2 23. Rc7 0-0 24. Rxb7 Rfb8 25. Rd7 Rd8 26. Rb7 Bd5 27. Rc7 Rac8 28. Rxc8 Rxc8 29. Kd3 Bc4+ 30. Kc2 Bf1+ 31. Kb3 Bxg2 32. Ng1 Bf1 33. Bd2 Bc4+ 34. Kc2 0-1

[Event "Pan American-ch U20 Girls"]
[Site "Cochabamba"]
[Date "2019.08.03"]
[Round "4"]
[White "Enriquez Coronel, Gaia Paola"]
[Black "Barros Jardi Arce, Sarai"]
[Result "1-0"]
[WhiteElo "1615"]
[BlackElo "1182"]
[PlyCount "61"]
[EventDate "2019.08.01"]
[EventType "swiss"]
[EventRounds "9"]
[EventCountry "BOL"]
[SourceTitle "EXT 2020"]
[Source "ChessBase"]
[SourceDate "2019.10.17"]
[SourceVersion "1"]
[SourceVersionDate "2019.10.17"]
[SourceQuality "1"]

1. e4 e6 2. d4 d5 3. Nd2 c5 4. Ne2 Nc6 5. exd5 Qxd5 6. Nf3 cxd4 7. Nexd4 Nxd4 8. Qxd4 Qxd4 9. Nxd4 Bd7 10. Nb5 Bxb5 11. Bxb5+ Kd8 12. Bf4 Ke7 13. 0-0-0 Nf6 14. Bd6+ Kd8 15. Bxf8+ Kc7 16. Bxg7 Rhg8 17. Bxf6 Rxg2 18. Bd4 a6 19. Bd3 Rd8 20. Be4 Rg4 21. Be5+ Kc8 22. Bxb7+ Kxb7 23. Rxd8 Rg5 24. Bf4 Rf5 25. Be3 Kc7 26. Rhd1 Kb7 27. R1d6 a5 28. R8d7+ Kc8 29. Ra7 Rb5 30. Bb6 Kb8 31. Rd8# 1-0

[Event "Pan American-ch U20 Girls"]
[Site "Cochabamba"]
[Date "2019.08.03"]
[Round "5"]
[White "Loyola Torres, Maria Gracia"]
[Black "Enriquez Coronel, Gaia Paola"]
[Result "1/2-1/2"]
[WhiteElo "1688"]
[BlackElo "1615"]
[PlyCount "62"]
[EventDate "2019.08.01"]
[EventType "swiss"]
[EventRounds "9"]
[EventCountry "BOL"]
[SourceTitle "EXT 2020"]
[Source "ChessBase"]
[SourceDate "2019.10.17"]
[SourceVersion "1"]
[SourceVersionDate "2019.10.17"]
[SourceQuality "1"]

1. e4 c5 2. c3 d5 3. exd5 Qxd5 4. Nf3 Nc6 5. d4 Bg4 6. Be2 cxd4 7. cxd4 e6 8. Nc3 Qd7 9. Be3 Nf6 10. Ne5 Nxe5 11. dxe5 Bxe2 12. Qxe2 Nd5 13. Bd2 Be7 14. 0-0 0-0 15. Rfd1 Rfe8 16. Qg4 Rad8 17. Bh6 Bf8 18. Ne4 Kh8 19. Bg5 Be7 20. Nd6 Bxd6 21. Bxd8 Bxe5 22. Bh4 Bxb2 23. Rab1 Be5 24. Bg3 Bxg3 25. Qxg3 b6 26. h4 Qa4 27. Rd2 Rc8 28. Rbd1 h6 29. Qf3 Kg8 30. g3 Rc3 31. Qe2 Rc4 1/2-1/2

[Event "Pan American-ch U20 Girls"]
[Site "Cochabamba"]
[Date "2019.08.02"]
[Round "2"]
[White "Enriquez Coronel, Gaia Paola"]
[Black "Duarte Laconich, Jazmin"]
[Result "1-0"]
[WhiteElo "1615"]
[BlackElo "1429"]
[PlyCount "62"]
[EventDate "2019.08.01"]
[EventType "swiss"]
[EventRounds "9"]
[EventCountry "BOL"]
[SourceTitle "EXT 2020"]
[Source "ChessBase"]
[SourceDate "2019.10.17"]
[SourceVersion "1"]
[SourceVersionDate "2019.10.17"]
[SourceQuality "1"]

1. e4 e6 2. d4 d5 3. Nd2 dxe4 4. Nxe4 Nd7 5. Ne2 Ngf6 6. N2g3 Be7 7. Bd3 0-0 8. 0-0 b6 9. c3 Bb7 10. Qc2 Re8 11. Re1 h6 12. h3 Rc8 13. Be3 Nd5 14. Rad1 Bf8 15. c4 Nb4 16. Qb1 Nxd3 17. Qxd3 c5 18. dxc5 Nxc5 19. Nxc5 Bxc5 20. Qxd8 Rexd8 21. Bxc5 bxc5 22. b3 Kf8 23. f3 Rd4 24. Ne2 Rxd1 25. Rxd1 Ke7 26. Nc3 Bc6 27. Kf2 f5 28. Ke3 g5 29. Rd2 f4+ 30. Ke2 Rd8 31. Rxd8 Kxd8 1-0